|
|
|
|
| LEADER |
01349nam a22002777a 4500 |
| 001 |
36100 |
| 003 |
BD-DhAAL |
| 008 |
211028t1987 bg a|||| bi|| 00| 0 ben d |
| 999 |
|
|
|c 43292
|d 43292
|
| 020 |
|
|
|a 9840733745
|
| 040 |
|
|
|a BD-DhAAL
|
| 041 |
|
|
|a ben
|
| 082 |
|
|
|a 613.69
|2 22
|
| 100 |
|
|
|a খান, মোঃ আলী রেজা
|9 42277
|
| 245 |
|
|
|a বাংলাদেশের বন্যপ্রাণী,
|n দ্বিতীয় খণ্ড,
|p পাখি /
|c মোঃ আলী রেজা খান
|
| 246 |
|
|
|a Bangladesher banyaprani
|
| 246 |
|
|
|a Wild life of Bangladesh, second volume, birds
|
| 260 |
|
|
|a ঢাকা :
|b বাংলা একাডেমী,
|c ১৯৮৭
|
| 300 |
|
|
|a ১৮৮ পৃষ্ঠা :
|b চিত্র ;
|c ২২ সে.মি.
|
| 504 |
|
|
|6 গ্রন্থপঞ্জী (পৃষ্ঠা [১৬৩]-১৬৮) ও নির্ঘণ্ট অন্তর্ভুক্ত।
|
| 526 |
|
|
|a BIED
|
| 541 |
|
|
|a Complimentary copy from BIED
|e 36100
|
| 650 |
|
|
|a Wilderness survival.
|9 42278
|
| 852 |
|
|
|a Ayesha Abed Library
|c BIED Collection
|
| 942 |
|
|
|2 ddc
|c BK
|
| 952 |
|
|
|0 0
|1 0
|2 ddc
|4 0
|6 613_690000000000000_KHA
|7 0
|9 69443
|a BRACUL
|b BRACUL
|c GEN
|d 2021-10-28
|e Complimentary copy from BIED
|l 0
|o 613.69 KHA
|p 3010036100
|r 2021-10-28
|t 1
|w 2021-10-28
|y BK
|x Transferred from BIED to General Stacks
|